Alle Städte in Unterfranken - Statistiken

Allgemein
  • Dieses Quiz wurde 35 mal gespielt
  • Das Durchschnittsergebnis liegt bei 16 aus 47
Antwortstatistiken
Kreis Einwohner Stadt % Korrekt
Kitzingen 22.936 Kitzingen
96%
kreisfrei 54.481 Schweinfurt
96%
kreisfrei 133.258 Würzburg
96%
kreisfrei 73.091 Aschaffenburg
92%
Bad Kissingen 23.223 Bad Kissingen
88%
Miltenberg 9.351 Miltenberg
85%
Haßberge 13.867 Haßfurt
62%
Main-Spessart 14.996 Lohr am Main
54%
Würzburg 11.219 Ochsenfurt
54%
Rhön-Grabfeld 15.434 Bad Neustadt an der Saale
50%
Main-Spessart 14.739 Karlstadt
46%
Aschaffenburg 18.034 Alzenau
42%
Bad Kissingen 6.470 Bad Brückenau
42%
Haßberge 7.193 Ebern
42%
Main-Spessart 10.098 Gemünden am Main
42%
Miltenberg 8.575 Obernburg am Main
42%
Kitzingen 8.512 Volkach
42%
Schweinfurt 6.767 Gerolzhofen
35%
Bad Kissingen 10.694 Hammelburg
35%
Miltenberg 4.769 Wörth am Main
35%
Miltenberg 3.907 Amorbach
27%
Miltenberg 6.112 Klingenberg am Main
27%
Main-Spessart 11.402 Marktheidenfeld
27%
Rhön-Grabfeld 5.530 Mellrichstadt
27%
Rhön-Grabfeld 6.034 Bad Königshofen im Grabfeld
23%
Rhön-Grabfeld 4.755 Bischofsheim in der Rhön
23%
Miltenberg 9.717 Erlenbach am Main
23%
Haßberge 3.543 Königsberg in Bayern
23%
Haßberge 5.540 Zeil am Main
23%
Main-Spessart 8.281 Arnstein
19%
Haßberge 5.125 Hofheim in Unterfranken
19%
Bad Kissingen 7.577 Münnerstadt
19%
Rhön-Grabfeld 3.344 Ostheim vor der Rhön
19%
Main-Spessart 1.868 Rieneck
19%
Miltenberg 1.597 Stadtprozelten
19%
Würzburg 1.370 Aub
15%
Haßberge 5.311 Eltmann
15%
Main-Spessart 947 Rothenfels
15%
Würzburg 3.091 Eibelstadt
12%
Rhön-Grabfeld 2.092 Fladungen
12%
Kitzingen 3.793 Marktbreit
12%
Kitzingen 1.813 Marktsteft
12%
Kitzingen 6.866 Dettelbach
8%
Kitzingen 4.768 Iphofen
8%
Kitzingen 2.230 Mainbernheim
8%
Würzburg 1.681 Röttingen
8%
Kitzingen 3.032 Prichsenstadt
4%
Keine übereinstimmenden Quizze gefunden
Verteilung der Resultate
Anzahl Personen mit jedem Resultat
Perzentil nach korrekt beantworteten Fragen
Ihre Resultats-Entwicklung
Sie haben dieses Quiz noch nicht gespielt